000 00463nam a2200181Ia 4500
001 13061
005 20260306163026.0
008 260306t2009||||xx |||||||||||||| ||spa||
041 _aESP
082 _aRD 658.503
_bM96
100 _aMuñoz Zuluaga, Rubén Dario
_eAUT
245 0 _aDiccionario de logística y negocios internacionales
260 _c2009
300 _a373 páginas :
_c24 cm.
650 _aGEN
654 _aCAN
942 _cDIC
_dJUS
_fJUS
_2ddc
_n
999 _c13061
_d13061